00563nam a2200205 a 4500001001300000003000900013005001700022008004100039020001000080082002100090100002100111245008100132260002500213300000900238500003500247505001000282650002500292650001900317700002100336nice12345678IN_TiNIC20260116012132.0050524s1979 dela grp 000 0 eng  ac10000a954.035092bMUS1 aMushirul Hasan,  aMuslims and the Congressb Select Correspondence of Dr. M.A. Ansari 1912-193 aDelhibManoharc1979 a335p aincludes index and biblioraphy2 aIndex aAnsari-Mukhtar Ahmad aIndia-Politics1 aMushirul Hasan,